The toda landscape : (Record no. 104541)

MARC details
000 -LEADER
fixed length control field 00674nam a22002057a 4500
005 - DATE AND TIME OF LATEST TRANSACTION
control field 20161109111528.0
010 ## - LCCN (DPL NO)
LC control number ENG-116487
020 ## - INTERNATIONAL STANDARD BOOK NUMBER
International Standard Book Number 9788125061601
Terms of availability 2500.00
035 ## - SYSTEM CONTROL NUMBER
System control number EN-100019
037 ## - SOURCE OF ACQUISITION
Source of stock number/acquisition DBAD/PUB
082 ## - DEWEY DECIMAL CLASSIFICATION NUMBER
Classification number 954.0049481
100 ## - MAIN ENTRY--PERSONAL NAME
Personal name Chhabra, Tarun
245 ## - TITLE STATEMENT
Title The toda landscape :
Statement of responsibility, etc by Tarun Chhabra ; foreword by Anthony R. Walker
Remainder of title exploration in cultural ecology /
260 ## - PUBLICATION, DISTRIBUTION, ETC. (IMPRINT)
Place of publication, distribution, etc New Delhi
Name of publisher, distributor, etc Orient Black Swan
Date of publication, distribution, etc 2015
270 ## - ADDRESS
Address 1/24 Asaf Ali Road
City New Delhi
Postal code 110002
300 ## - PHYSICAL DESCRIPTION
Extent Ixxiii,543p. :
Dimensions 24cm (pbk)
Other physical details ill (col.)
500 ## - GENERAL NOTE
General note Includes index
700 ## - ADDED ENTRY--PERSONAL NAME
Personal name Walker, Anthony R.
942 ## - ADDED ENTRY ELEMENTS (KOHA)
Source of classification or shelving scheme Dewey Decimal Classification
Item type English Books
Classification part 954.0049481
Call number suffix CHH
Holdings
Withdrawn status Lost status Not for loan Collection code Home library Current library Date acquired Source of acquisition Cost, normal purchase price Full call number Barcode Copy number Cost, replacement price Koha item type
      Non-fiction Narela Narela 09/11/2016 DBAD/PUB 2500.00 954.0049481 CHH EN-100019 1 2500.00 English Books

© Delhi Public Library
Hit Counter
free hit counter